Análisis sobre Modelos de Desarrollo Rural en América Latina /

محفوظ في:
التفاصيل البيبلوغرافية
المؤلف الرئيسي: Murcia, Héctor
التنسيق: غير معروف
اللغة:Spanish
منشور في: Costa Rica: OEA
الوسوم: إضافة وسم
لا توجد وسوم, كن أول من يضع وسما على هذه التسجيلة!

MARC

LEADER 00000 a2200000 04500
001 45562
003
008 991231s cr spa d
040
022 |a [Pendiente]  
090 |a 1002 M973a  
100 |a Murcia, Héctor  
245 |a Análisis sobre Modelos de Desarrollo Rural en América Latina /   |c Héctor Murcia  
260 |a Costa Rica:   |b OEA  
500 |a También en Revista Desarrollo Rural en las Américas v.8, n.2, p.137-151  
999 |c 10053  |d 10053